| 000 | 00570nam a22002297a 4500 | ||
|---|---|---|---|
| 003 | OSt | ||
| 005 | 20140310181717.0 | ||
| 008 | 130216t xxu||||| |||| 00| 0 eng d | ||
| 020 | _a9789712360459 | ||
| 050 |
_aHG 4515.3 _b.On53 2011 |
||
| 100 | _aOng, Anita C. | ||
| 245 |
_aElements of investment mathematics / _cAnita C. Ong. |
||
| 260 |
_aManila : _b Rex Book Store, _c2011. |
||
| 300 |
_a181 p. : _c26 cm. |
||
| 521 | _aBSBA | ||
| 562 | _e3 | ||
| 650 | _aInvestments | ||
| 942 |
_2lcc _cBK _kLOC |
||
| 999 |
_c1852 _d1852 |
||